000 00738nam a2200253Ia 4500
003 OSt
005 20220928103136.0
006 a|||||r|||| 00| 0
007 ta
008 220927b |||||||| |||| 00| 0 hin d
020 _cINR 495.00
024 _a144500
037 _bGV251, 13/03/2021, Vani Prakashan
_cTextual
040 _aSDCL
_cSDCL
_bhin
041 _2hin
_ahin
082 _aO152v, Q8
100 _aSharma Rajmani
_9393532
245 0 _aHindi sahityetihas ke kuchhek Jwalant Prashn
260 _aNew Delhi
_bVani Prakashan
_c2018
300 _a200p,
_ccm.
650 _aHindi
_9391598
942 _hO152v, Q8
_cTEXL
_2CC
999 _c718354
_d718354